| 000 | 00814nam a22002537a 4500 | ||
|---|---|---|---|
| 005 | 20170123162302.0 | ||
| 010 | _aB-097888 | ||
| 020 | _c18.00 | ||
| 035 | _aB-097888 | ||
| 037 | _bCen Lib/Ret | ||
| 040 |
_aDPL _bUR |
||
| 082 |
_a954.08 _bم ن ز |
||
| 100 |
_aسیّد منظور احمد _9140040 |
||
| 245 |
_aسلتانیت _cسیّد منظور احمد |
||
| 246 |
_aSultaniyat _bby Sayyad Manzoor Ahmad |
||
| 260 |
_aنئی دہلی _bایجوکیشنل پبلشنگ ہاؤس _c1989 |
||
| 270 |
_aسیّد وکیل سٹیرٹ _bنئی دہلی |
||
| 300 |
_a160p. _c20cm(Hb) |
||
| 650 |
_aاردو ادب _9140041 |
||
| 650 |
_aاردو کہانی _9140042 |
||
| 650 |
_aUrdu Literature _9140043 |
||
| 650 |
_aUrdu stories _9140044 |
||
| 942 |
_2ddc _cUR _h954.08 _mم ن ز |
||
| 999 |
_c106079 _d106079 |
||